<?xml version="1.0" encoding="UTF-8"?>
<record
    xmlns:xsi="http://www.w3.org/2001/XMLSchema-instance"
    xsi:schemaLocation="http://www.loc.gov/MARC21/slim http://www.loc.gov/standards/marcxml/schema/MARC21slim.xsd"
    xmlns="http://www.loc.gov/MARC21/slim">

  <leader>01265nam a22002177a 4500</leader>
  <controlfield tag="003">SEM</controlfield>
  <datafield tag="999" ind1=" " ind2=" ">
    <subfield code="c">44058</subfield>
    <subfield code="d">44058</subfield>
  </datafield>
  <controlfield tag="005">20220608071007.0</controlfield>
  <controlfield tag="008">170616b        xxu||||| |||| 00| 0 arm d</controlfield>
  <datafield tag="040" ind1=" " ind2=" ">
    <subfield code="a">SEM</subfield>
    <subfield code="c">SEM</subfield>
  </datafield>
  <datafield tag="041" ind1="0" ind2=" ">
    <subfield code="a">arm.</subfield>
  </datafield>
  <datafield tag="080" ind1=" " ind2=" ">
    <subfield code="a">34(47.925)/&#x53F;-18</subfield>
  </datafield>
  <datafield tag="245" ind1="1" ind2="4">
    <subfield code="a">&#x53F;&#x561;&#x574;&#x565;&#x576;&#x565;&#x581;-&#x54A;&#x578;&#x564;&#x578;&#x56C;&#x57D;&#x56F; &#x584;&#x561;&#x572;&#x561;&#x584;&#x56B; &#x570;&#x561;&#x575;&#x56F;&#x561;&#x56F;&#x561;&#x576; &#x564;&#x561;&#x57F;&#x561;&#x580;&#x561;&#x576;&#x56B;  &#x561;&#x580;&#x571;&#x561;&#x576;&#x561;&#x563;&#x580;&#x578;&#x582;&#x569;&#x575;&#x578;&#x582;&#x576;&#x576;&#x565;&#x580;&#x568; XVI &#x564;.: /</subfield>
    <subfield code="c">&#x531;&#x577;&#x56D;&#x561;&#x57F;&#x561;&#x57D;&#x56B;&#x580;.` &#x54E;. &#x533;&#x580;&#x56B;&#x563;&#x578;&#x580;&#x575;&#x561;&#x576;; &#x540;&#x54D;&#x54D;&#x54C; &#x544;&#x56B;&#x576;&#x56B;&#x57D;&#x57F;&#x580;&#x576;&#x565;&#x580;&#x56B; &#x57D;&#x578;&#x57E;&#x565;&#x57F;&#x56B;&#x576; &#x561;&#x57C;&#x568;&#x576;&#x569;&#x565;&#x580; &#x544;&#x561;&#x577;&#x57F;&#x578;&#x581;&#x56B; &#x561;&#x576;&#x57E;&#x561;&#x576; &#x540;&#x56B;&#x576; &#x571;&#x565;&#x57C;&#x561;&#x563;&#x580;&#x565;&#x580;&#x56B; &#x56B;&#x576;&#x57D;&#x57F;&#x56B;&#x57F;&#x578;&#x582;&#x57F; &#x544;&#x561;&#x57F;&#x565;&#x576;&#x561;&#x564;&#x561;&#x580;&#x561;&#x576;</subfield>
  </datafield>
  <datafield tag="246" ind1="3" ind2="1">
    <subfield code="a">&#x410;&#x43A;&#x442;&#x44B; &#x430;&#x440;&#x43C;&#x44F;&#x43D;&#x441;&#x43A;&#x43E;&#x433;&#x43E; &#x441;&#x443;&#x434;&#x430; &#x433;&#x43E;&#x440;&#x43E;&#x434;&#x430; &#x41A;&#x430;&#x43C;&#x435;&#x43D;&#x435;&#x446;-&#x41F;&#x43E;&#x434;&#x43E;&#x43B;&#x44C;&#x441;&#x43A;&#x43E;&#x433;&#x43E; XVI &#x432;. /</subfield>
  </datafield>
  <datafield tag="260" ind1=" " ind2=" ">
    <subfield code="a">&#x535;&#x580;&#x587;&#x561;&#x576;:</subfield>
    <subfield code="b">&#x540;&#x54D;&#x54D;&#x54C; &#x533;&#x531; &#x570;&#x580;&#x561;&#x57F;.,</subfield>
    <subfield code="c">1963.</subfield>
  </datafield>
  <datafield tag="300" ind1=" " ind2=" ">
    <subfield code="a">440 &#x567;&#x57B;;</subfield>
    <subfield code="c">23 &#x57D;&#x574;</subfield>
  </datafield>
  <datafield tag="504" ind1=" " ind2=" ">
    <subfield code="a">&#x555;&#x563;&#x57F;. &#x574;&#x561;&#x57F;&#x565;&#x576;. &#x581;&#x561;&#x576;&#x56F;` 411-416;  &#x531;&#x576;&#x571;&#x576;. &#x581;&#x561;&#x576;&#x56F;` &#x567;&#x57B; 417-439;</subfield>
  </datafield>
  <datafield tag="650" ind1=" " ind2=" ">
    <subfield code="a">&#x534;&#x561;&#x57F;&#x561;&#x56F;&#x561;&#x576; &#x561;&#x580;&#x571;&#x561;&#x576;&#x561;&#x563;&#x580;&#x578;&#x582;&#x569;&#x575;&#x578;&#x582;&#x576;&#x576;&#x565;&#x580;</subfield>
    <subfield code="b">&#x570;&#x561;&#x575;&#x56F;&#x561;&#x56F;&#x561;&#x576; &#x564;&#x561;&#x57F;&#x561;&#x580;&#x561;&#x576;</subfield>
    <subfield code="z">&#x548;&#x582;&#x56F;&#x580;&#x561;&#x56B;&#x576;&#x561;</subfield>
  </datafield>
  <datafield tag="700" ind1="1" ind2=" ">
    <subfield code="a">&#x533;&#x580;&#x56B;&#x563;&#x578;&#x580;&#x575;&#x561;&#x576; &#x54E;.</subfield>
    <subfield code="4">comp.</subfield>
    <subfield code="e">&#x561;&#x577;&#x56D;&#x561;&#x57F;&#x561;&#x57D;&#x56B;&#x580;.</subfield>
  </datafield>
  <datafield tag="710" ind1="2" ind2=" ">
    <subfield code="a">&#x540;&#x54D;&#x54D;&#x54C; </subfield>
    <subfield code="b"> &#x544;&#x56B;&#x576;&#x56B;&#x57D;&#x57F;&#x580;&#x576;&#x565;&#x580;&#x56B; &#x57D;&#x578;&#x57E;&#x565;&#x57F;&#x56B;&#x576; &#x561;&#x57C;&#x568;&#x576;&#x569;&#x565;&#x580; &#x544;&#x561;&#x577;&#x57F;&#x578;&#x581;&#x56B; &#x561;&#x576;&#x57E;&#x561;&#x576; &#x540;&#x56B;&#x576; &#x571;&#x565;&#x57C;&#x561;&#x563;&#x580;&#x565;&#x580;&#x56B; &#x56B;&#x576;&#x57D;&#x57F;&#x56B;&#x57F;&#x578;&#x582;&#x57F; &#x544;&#x561;&#x57F;&#x565;&#x576;&#x561;&#x564;&#x561;&#x580;&#x561;&#x576;</subfield>
  </datafield>
  <datafield tag="942" ind1=" " ind2=" ">
    <subfield code="2">udc</subfield>
    <subfield code="c">BK</subfield>
  </datafield>
  <datafield tag="952" ind1=" " ind2=" ">
    <subfield code="0">0</subfield>
    <subfield code="1">0</subfield>
    <subfield code="2">udc</subfield>
    <subfield code="4">0</subfield>
    <subfield code="7">0</subfield>
    <subfield code="8">&#x533;&#x580;&#x561;&#x57A;&#x561;&#x570;&#x578;&#x581;</subfield>
    <subfield code="a">SEM</subfield>
    <subfield code="b">SEM</subfield>
    <subfield code="d">2017-06-16</subfield>
    <subfield code="g">2000.00</subfield>
    <subfield code="i">354</subfield>
    <subfield code="l">0</subfield>
    <subfield code="o">34(47.925)/&#x53F;-18</subfield>
    <subfield code="p">354</subfield>
    <subfield code="r">2014-11-16</subfield>
    <subfield code="w">2022-06-08</subfield>
    <subfield code="y">BK</subfield>
    <subfield code="z">&#x54D;&#x57A;&#x561;&#x57D;&#x561;&#x580;&#x56F;&#x57E;&#x578;&#x582;&#x574; &#x567; 30 &#x585;&#x580;</subfield>
  </datafield>
  <datafield tag="952" ind1=" " ind2=" ">
    <subfield code="0">0</subfield>
    <subfield code="1">0</subfield>
    <subfield code="2">udc</subfield>
    <subfield code="4">0</subfield>
    <subfield code="7">0</subfield>
    <subfield code="8">&#x533;&#x580;&#x561;&#x57A;&#x561;&#x570;&#x578;&#x581;</subfield>
    <subfield code="a">SEM</subfield>
    <subfield code="b">SEM</subfield>
    <subfield code="d">2017-06-16</subfield>
    <subfield code="g">2000.00</subfield>
    <subfield code="i">4539</subfield>
    <subfield code="l">0</subfield>
    <subfield code="o">34(47.925)/&#x53F;-18</subfield>
    <subfield code="p">4539</subfield>
    <subfield code="r">2014-11-16</subfield>
    <subfield code="w">2022-06-08</subfield>
    <subfield code="y">BK</subfield>
    <subfield code="z">&#x54D;&#x57A;&#x561;&#x57D;&#x561;&#x580;&#x56F;&#x57E;&#x578;&#x582;&#x574; &#x567; &#x568;&#x576;&#x569;&#x565;&#x580;&#x581;&#x561;&#x57D;&#x580;&#x561;&#x570;</subfield>
  </datafield>
  <datafield tag="952" ind1=" " ind2=" ">
    <subfield code="0">0</subfield>
    <subfield code="1">0</subfield>
    <subfield code="2">udc</subfield>
    <subfield code="4">0</subfield>
    <subfield code="7">0</subfield>
    <subfield code="8">&#x533;&#x580;&#x561;&#x57A;&#x561;&#x570;&#x578;&#x581;</subfield>
    <subfield code="a">SEM</subfield>
    <subfield code="b">SEM</subfield>
    <subfield code="d">2017-06-16</subfield>
    <subfield code="g">2000.00</subfield>
    <subfield code="i">27088</subfield>
    <subfield code="l">0</subfield>
    <subfield code="o">34(47.925)/&#x53F;-18</subfield>
    <subfield code="p">27088</subfield>
    <subfield code="r">2017-06-16</subfield>
    <subfield code="w">2017-06-16</subfield>
    <subfield code="y">BK</subfield>
    <subfield code="z">&#x54D;&#x57A;&#x561;&#x57D;&#x561;&#x580;&#x56F;&#x57E;&#x578;&#x582;&#x574; &#x567; 30 &#x585;&#x580;</subfield>
  </datafield>
  <datafield tag="952" ind1=" " ind2=" ">
    <subfield code="0">0</subfield>
    <subfield code="1">0</subfield>
    <subfield code="2">udc</subfield>
    <subfield code="4">0</subfield>
    <subfield code="7">0</subfield>
    <subfield code="8">&#x533;&#x580;&#x561;&#x57A;&#x561;&#x570;&#x578;&#x581;</subfield>
    <subfield code="a">SEM</subfield>
    <subfield code="b">SEM</subfield>
    <subfield code="d">2019-05-06</subfield>
    <subfield code="g">2000.00</subfield>
    <subfield code="i">27949</subfield>
    <subfield code="l">0</subfield>
    <subfield code="o">34(47.925)/&#x53F;-18</subfield>
    <subfield code="p">27949</subfield>
    <subfield code="r">2019-05-06</subfield>
    <subfield code="w">2019-05-06</subfield>
    <subfield code="y">BK</subfield>
    <subfield code="z">&#x54D;&#x57A;&#x561;&#x57D;&#x561;&#x580;&#x56F;&#x57E;&#x578;&#x582;&#x574; &#x567; 30 &#x585;&#x580;</subfield>
  </datafield>
</record>
